| 000 | 01125nam a2200217Ia 4500 | ||
|---|---|---|---|
| 003 | OSt | ||
| 005 | 20241030155730.0 | ||
| 007 | ca aa aaaaa | ||
| 008 | 201103s9999 xx 000 0 und d | ||
| 040 | _cSSBUL | ||
| 041 | _abur | ||
| 082 |
_223 _a၂၉၄.၃၄၄၃၅ ကုဏ် _b၉၂၂၆ S-SAT |
||
| 100 | 0 | _aကုဏ္ဍလာဘိဝံသ၊ အရှင်၊ သဒ္ဓမ္မရံသီရိပ်သာဆရာတော် | |
| 245 | 1 | 0 |
_aဝိပဿနာဉာဏ်များဖြစ်လာသိကောင်းစရာ / _cသဒ္ဓမ္မရံသီရိပ်သာဆရာတော်အရှင်ကုဏ္ဍလာဘိဝံသ။ |
| 260 |
_aရန်ကုန် ၊ _bသဒ္ဓမ္မရံသီစာပေ၊ _c၂၀၀၀။ |
||
| 300 |
_a[၁၄၈] စာမျက်နှာ ၊ _c၂၀ စင်တီ။ |
||
| 500 | _a အင်္ဂလိပ်-မြန်မာနှစ်ဘာသာဖြင့်ရေးသားထားသည်။ | ||
| 500 | _aS-SAT: Dr. Sai Aung Tun | ||
| 650 | _aဝိပဿနာ | ||
| 942 |
_2ddc _cBK1 |
||
| 999 |
_c16705 _d16705 |
||